000155821 001__ 155821
000155821 005__ 20250516093837.0
000155821 037__ $$aTAZ-TFG-2022-731
000155821 041__ $$aspa
000155821 1001_ $$aElizaveta Kononovich
000155821 24200 $$aPost-disaster psychological prevention-intervention program for firefighters based on the Debriefing technique
000155821 24500 $$aPrograma de prevención-intervención psicológica post catástrofe para bomberos basado en la técnica Debriefing
000155821 260__ $$aZaragoza$$bUniversidad de Zaragoza$$c2022
000155821 500__ $$aResumen disponible también en inglés.
000155821 506__ $$aby-nc-sa$$bCreative Commons$$c3.0$$uhttp://creativecommons.org/licenses/by-nc-sa/3.0/
000155821 520__ $$aLa exposición a situaciones de catástrofe trae consigo numerosas consecuencias y secuelas, siendo los profesionales de las emergencias tales como policías, militares o bomberos especialmente vulnerables debido a su oficio. Con el objetivo de mejorar la calidad de vida y prevenir posibles psicopatologías de bomberos expuestos a desastres, se propone un programa de prevención-intervención pionero que constituya una intervención temprana para paliar los síntomas de la exposición. Los bomberos voluntarios participarán en seis sesiones cada una de las cuales irá orientada al cumplimiento de un objetivo específico del programa, y todas ellas estarán basadas en la técnica Debriefing. Se concluye además la importancia de las intervenciones tempranas dirigidas a estos profesionales para garantizar su bienestar psicológico y su adaptación a su vida y su puesto de trabajo.<br /><br />
000155821 521__ $$aGraduado en Psicología
000155821 540__ $$aDerechos regulados por licencia Creative Commons
000155821 700__ $$aElena Espeitx Bernat$$edir.
000155821 7102_ $$aUniversidad de Zaragoza$$bPsicología y Sociología$$cPsicología Social
000155821 8560_ $$f774647@unizar.es
000155821 8564_ $$s512612$$uhttps://zaguan.unizar.es/record/155821/files/TAZ-TFG-2022-731.pdf$$yMemoria (spa)
000155821 909CO $$ooai:zaguan.unizar.es:155821$$pdriver$$ptrabajos-fin-grado
000155821 950__ $$a
000155821 951__ $$adeposita:2025-05-16
000155821 980__ $$aTAZ$$bTFG$$cFCSH
000155821 999__ $$a20220520185252.CREATION_DATE